Where has Smelly Melly been? - Map Quiz - Statistics

General Stats
  • This quiz has been taken 6 times
  • The average score is 24 of 26
Answers on the Map
Answers color-coded by a green-red scale on the quiz's map according to % correct below.
 
Answer Stats
Answer % Correct
Egypt
100%
France
100%
Germany
100%
Greece
100%
Indonesia
100%
Italy
100%
Portugal
100%
Qatar
100%
South Africa
100%
Spain
100%
Switzerland
100%
Tanzania
100%
Thailand
100%
Turkey
100%
UAE
100%
UK
100%
USA
100%
Kenya
80%
Maldives
80%
Mauritius
80%
Monaco
80%
Netherlands
80%
Seychelles
80%
Liechtenstein
60%
Singapore
60%
Vatican City
60%
No matching quizzes found
Score Distribution
Percent of People with Each Score
Percentile by Number Answered
Your Score History
You have not taken this quiz